Pawns in the game. (Record no. 532172)

000 -LEADER
fixed length control field 00732cam a22002651 4500
001 - CONTROL NUMBER
control field 6535591
003 - CONTROL NUMBER IDENTIFIER
control field NUST
005 - DATE AND TIME OF LATEST TRANSACTION
control field 20191111161340.0
008 - FIXED-LENGTH DATA ELEMENTS--GENERAL INFORMATION
fixed length control field 761208s1956 onc 001 0 eng
010 ## - LIBRARY OF CONGRESS CONTROL NUMBER
LC control number 57042895
035 ## - SYSTEM CONTROL NUMBER
System control number (OCoLC)2607093
038 ## - RECORD CONTENT LICENSOR
Staff Name MSOHAIL
040 ## - CATALOGING SOURCE
Original cataloging agency DLC
Transcribing agency MiEM
Modifying agency OCoLC
-- DLC
050 00 - LIBRARY OF CONGRESS CALL NUMBER
Classification number D445
Item number .C28 1956
082 00 - DEWEY DECIMAL CLASSIFICATION NUMBER
Classification number 909
100 1# - MAIN ENTRY--PERSONAL NAME
Personal name Carr, William Guy,
Dates associated with a name 1895-1959.
9 (RLIN) 25506
245 10 - TITLE STATEMENT
Title Pawns in the game.
250 ## - EDITION STATEMENT
Edition statement 2d ed.
260 ## - PUBLICATION, DISTRIBUTION, ETC.
Place of publication, distribution, etc. [Willowdale, Ont.,
Name of publisher, distributor, etc. National Federation of Christian Laymen]
Date of publication, distribution, etc. 1956.
300 ## - PHYSICAL DESCRIPTION
Extent 198 p.
Dimensions 22 cm.
650 #0 - SUBJECT ADDED ENTRY--TOPICAL TERM
Topical term or geographic name entry element World politics.
9 (RLIN) 25507
650 #0 - SUBJECT ADDED ENTRY--TOPICAL TERM
Topical term or geographic name entry element Illuminati.
9 (RLIN) 25508
906 ## - LOCAL DATA ELEMENT F, LDF (RLIN)
a 7
b cbc
c oclcrpl
d u
e ncip
f 19
g y-gencatlg
942 ## - ADDED ENTRY ELEMENTS (KOHA)
Source of classification or shelving scheme
Koha item type Book
Holdings
Withdrawn status Lost status Source of classification or shelving scheme Damaged status Not for loan Permanent Location Current Location Date acquired Total Checkouts Full call number Barcode Date last seen Price effective from Koha item type
          School of Civil and Environmental Engineering (SCEE) School of Civil and Environmental Engineering (SCEE) 11/11/2019   909 NIT-12087 11/11/2019 11/11/2019 Book
© 2023 Central Library, National University of Sciences and Technology. All Rights Reserved.